00657nam a2200229 a 4500001001300000003000900013005001700022008004100039020001000080082001700090100001200107245003200119260003200151300000900183500003500192505002600227650002200253902000800275942000700283952012000290999001700410nice12345678IN_TiNIC20260116015155.0050524s1966 onta grp 000 0 eng  ac10000a266.009bALI aAlice,  aBecoming God`s People Today aOntariobHerald Pressc1966 a144p aincludes index and biblioraphy2 aSelected Bibliography aMission-Christian bSRS cBK 001040708StackRoom-aHMIbHMId2007-07-11g100.00l0o266.009 ALIp11001507r2007-07-11v100.00w2005-05-24yBK c18616d18616